000 00477nam a22001817a 4500
003 NUST
005 20260127130404.0
008 260127b ||||| |||| 00| 0 eng d
020 _a978-0805316773
082 _a005.133
100 _aKelley, Al.
_997630
245 _aA Book on C /
_bProgramming in C /
_cKelley, Al.
250 _a3rd Edition
260 _aUSA:
_bBenjamin-Cummings Pub Co,
_c1995.
300 _a576 p ;
_c23.3 cm
563 _aPaperback
942 _2ddc
_cBK
999 _c615958
_d615958